Factors Affecting Decision to Implement Management Systems into Practice

Činitele ovplyvňujúce rozhodnutie zaviesť systémy mnažérstva do organizácií a systém manažmentu kvality v súlade so štandardom ISO 9001: 2015.

Saved in:
Bibliographic Details
Main Author: Karkalíková, Marta
Format: Book Chapter
Language:English
Subjects:
Tags: Add Tag
No Tags, Be the first to tag this record!

MARC

LEADER 00000naa$a2200000$$$4500
001 0237765
005 20240502083636.2
041 0 |a eng 
044 |a PL 
245 1 0 |a Factors Affecting Decision to Implement Management Systems into Practice  |c Marta Karkalíková 
520 |a Činitele ovplyvňujúce rozhodnutie zaviesť systémy mnažérstva do organizácií a systém manažmentu kvality v súlade so štandardom ISO 9001: 2015. 
610 2 0 |a produkty 
610 2 0 |a kvalita 
610 2 0 |a systémy kvality 
610 2 0 |a systémy riadenia 
610 2 0 |a systémy environmentálne manažérske 
610 2 0 |a výhody konkurenčné 
610 2 0 |a normy ISO 
100 1 |a Karkalíková, Marta